| 000 | 00997nem0a2200289 4500 | ||
|---|---|---|---|
| 001 | RU\NLR\cart\3421 | ||
| 005 | 20250617203905.0 | ||
| 035 | _a(NLR Aleph) 004273533 | ||
| 090 |
_a2280597 _c2280597 |
||
| 100 | _a20041119d2002 |||y0rusy50 ca | ||
| 101 | 0 | _arus | |
| 102 | _aRU | ||
| 120 | _abyy xx|| | ||
| 123 | 1 |
_aa _b35 000 000 |
|
| 200 | 1 |
_aКарта мира _bКарта _fПодгот. к изд. в 1999 г. _gРед. А. Носков |
|
| 206 | _a1:35 000 000, 35 км в 1 см | ||
| 210 |
_aМ. _cВТУ ГШ _d2002 |
||
| 215 |
_a1 к. _cцв. _d71х101 см |
||
| 327 | 1 | _aДоп. карты: Арктика. - 1:50 000 000; Антарктика. - 1:50 000 000 | |
| 509 | 0 | 1 |
_7ca _aМир _92633185 _3RU\NLR\auth_crt\551 |
| 606 | 0 |
_aПолитико-административные _92178088 _3RU\NLR\auth_crt\66170 |
|
| 702 | 1 |
_aНосков _bА. _4340 |
|
| 801 | 0 |
_aRU _bNLR _c20041119 _gPSBO |
|
| 852 |
_aNLR _bК _j4-Мир 4/3783 _m82088 |
||
| 942 | _cMAP | ||
| 980 | _aNB | ||